Statistiques concernant Descriptions des Pokémon (2G)

Cliquez ici pour prendre le quiz!

Statistiques générales

  • Ce quiz a été pris 38 fois
    (27 depuis la dernière actualisation)
  • Le résultat moyen est 9 sur 20

Statistiques - réponses

DescriptionPokémon% Correct
Il a du mal à se mouvoir hors de l'eau, alors il marche à quatre pattes. Il reste très rapide.Aligatueur
100%
On l'appelle le gardien de la forêt. Il apparaît dans chaque forêt luxuriante.Celebi
100%
Ses bois tordus changent le flot de l’air et créent une distorsion spatiale dans la réalité.Cerfrousse
100%
Une carte postale ou un poster d’un XXX planant gracieusement au-dessus des vagues est un souvenir typique d’Alola.Démanta
100%
Ceux qui le craignaient jadis lui ont donné le surnom de « messager de la Faucheuse » à cause de son hurlement sinistre si particulier.Démolosse
100%
L’attaque favorite de XXX consiste à se mettre en boule et à charger son ennemi en roulant à pleine vitesse. Une fois qu’il commence à rouler, ce Pokémon a du mal à s’arrêter.Donphan
100%
Traire un XXX demande des trésors de patience, de douceur et de doigté.Écrémeuh
100%
XXX incarne la colère du magma. Il serait né suite à l'éruption d'un volcan. Il peut envoyer d'énormes jets de flammes qui calcinent tout ce qu'ils touchent.Entei
100%
Avec ses griffes, il perce un trou dans les œufs qu’il trouve pour en sucer le contenu. Bête noire des Éleveurs qui le traquent parfois.Farfuret
100%
Il adore faire peur aux humains en imitant leurs pleurs, et n’apprécie guère ceux qui ne se laissent pas intimider.Feuforêve
100%
Ce Pokémon jauge la température et l’humidité grâce à la feuille sur sa tête. Il raffole des bains de soleil.Germignon
100%
Son corps est si léger qu’il doit s’agripper au sol pour éviter de s’envoler les jours de brise.Granivol
100%
Les flammes émanant de son dos grandissent s'il est en colère. Il impressionne ainsi ses ennemis.Héricendre
100%
XXX est doté d’un organe interne qui ressent et suit la rotation de la planète. Grâce à cet organe peu ordinaire, ce Pokémon commence à hululer tous les jours exactement à la même heure.Hoothoot
100%
Les écailles qui se détachent de son corps brillent d’un éclat si élégant et si intense qu’on les offre aux familles royales.Hyporoi
100%
Si sa danse de coups de pied vous fascine, vous risquez de le regretter.Kapoera
100%
Sa peau lisse et élastique étant isolante, on peut la caresser sans risquer de se prendre une décharge électrique.Lainergie
100%
Ses antennes proviennent d’anciennes nageoires et sont chargées d’énergies positive et négative.Loupio
100%
Les ailes de XXX renferment une puissance dévastatrice. Un simple battement de ses ailes peut détruire de petites maisons. Du coup, ce Pokémon a choisi de vivre loin de tout, dans les profondeurs océaniques.Lugia
100%
Ce Pokémon détendu s’installe au fond des rivières et se contente d’attendre que des proies s’égarent dans sa bouche ouverte.Maraiste
100%
Selon certaines croyances, sa forme prouve qu’il s’agit de la réincarnation d’une étoile. Étrangement, il aime beaucoup les Météno.Mélo
100%
Il attend dans sa toile jusqu’à ce qu’un Bombydou, son mets favori, s’y fasse prendre. C’est un Pokémon extrêmement patient.Mimigal
100%
XXX est si lumineux qu’on peut le voir de l’espace. Jadis, les gens utilisaient la lumière de ce Pokémon pour communiquer et s’envoyer des signaux à grande distance.Pharamp
100%
Ses petites épines étaient autrefois des écailles. Elles sécrètent des toxines pouvant faire perdre connaissance.Qwilfish
100%
Il trouve tout le temps des idées formidables qui pourraient changer le monde, mais il les oublie dans la foulée.Roigada
100%
Il chevauche les vents en tendant ses membres pour frapper depuis le ciel. Il vise toujours au visage.Scorplane
100%
XXX incarne la tranquillité d’une source d’eau pure. Il parcourt les plaines avec grâce. Ce Pokémon a le pouvoir de purifier l’eau.Suicune
100%
Il se fait des réserves de nourriture dans des cachettes avant l’arrivée de l’hiver.Teddiursa
100%
Un proverbe nous enseigne que le bonheur touchera celui qui peut faire tenir debout un XXX endormi.Togepi
100%
La carapace sur son dos est faite de magma durci. Des dizaines de milliers d'années passées dans les cratères volcaniques ont transformé son corps en magma.Volcaropod
100%
En battant des ailes très vite, il peut générer une violente onde de choc qui peut briser les fenêtres.Yanma
75%
Il partage sa nourriture avec les personnes en difficulté mais, étant omnivore, il peut lui arriver de leur offrir des Pokémon Insecte.Cadoizo
50%
S’il charge un ennemi, les poils de son dos se dressent. Il est très sensible au bruit.Cochignon
50%
Même sous un vent très violent, il contrôle sa destination en bougeant ses appendices.Cotovol
50%
Lorsqu’un XXX dort, un autre monte la garde. La sentinelle réveille les autres au moindre signe de danger. Si un de ces Pokémon est séparé de sa meute, il est incapable de dormir, car il a peur.Fouinette
50%
XXX est le partenaire privilégié d’un potier extrêmement célèbre. Sa flamme légère l’aiderait à créer des œuvres d’un raffinement exquis.Magby
50%
Toute personne se tenant près de lui se sent instantanément rafraîchie, comme dans une forêt en été.Méganium
50%
Surnommé « le tireur d’élite de la mer », il est capable de toucher à coup sûr une cible située à 100 m de distance grâce à son Pistolet à O.Rémoraid
50%
Ils tombent du ciel le matin, sans crier gare. Leur nombre augmente considérablement l’année suivant un été froid.Tournegrin
50%
Il garde une grande quantité d’air dans sa toison pour ne pas subir les variations de température.Wattouat
50%
Les jeunes gens en sont fous, mais sa timidité et sa grande délicatesse en font un piètre Pokémon de garde.Granbull
33%
À la fin de la saison des pluies, il sort danser en plein air, attiré par la chaleur du soleil.Joliflor
33%
Il vit en groupe dans les endroits chauds. Si la température baisse, sa peau se solidifie.Limagma
33%
Aucun obstacle n’arrête ce Pokémon lorsqu’il se déplace : les montagnes, il les démolit ; les maisons, il les anéantit.Tyranocif
33%
Quand il est seul, il ne se passe rien... Mais en groupe, il semble habité par un mystérieux pouvoir.Zarbi
33%
Comme il fait son nid dans les ronces, ses petits s’endurcissent à force d’être sans cesse éraflés.Airmure
0%
Il est recouvert d'une membrane qui, à son seul contact, provoque une terrible douleur.Axoloto
0%
Il crée des bulles d’air dont il enveloppe gentiment les XXX venus jouer dans la rivière.Azumarill
0%
Il guette ses proies depuis la cime des arbres. Quand il aperçoit un Croquine, son mets préféré, il se jette dessus.Capumain
0%
Il se cache sous les rochers, abritant son corps dans sa carapace et mange les baies qu'il a mises de côté. Elles se mélangent à ses fluides corporels pour produire du jus.Caratroc
0%
Malgré son corps fin, sa puissance de frappe est prodigieuse, car même ses muscles sont composés de métal.Cizayox
0%
Ses branches repoussent si elles sont brisées. Les plus belles sont offertes aux futures mamans comme porte-bonheurs.Corayon
0%
Quand il est en danger, il tente de semer ses poursuivants dans les chemins montagneux.Cornèbre
0%
De nature timide, il a peur de se déplacer seul. Il est plus actif et courageux dans un groupe.Coxy
0%
On dit que dans les pays où le ciel est dégagé et où les étoiles illuminent les cieux, vivent d'innombrables quantités de XXX. La raison en est simple: l'énergie de ce Pokémon provient de la lumière des étoiles.Coxyclaque
0%
Quand il a refermé sa mâchoire sur son ennemi, il ne lâche pas prise. Ses crocs recourbés comme des hameçons ne peuvent pas être retirés une fois enfoncés.Crocrodil
0%
Même s’il est petit, il vaut mieux ne pas l’ignorer : quand il trouve un adversaire à sa hauteur, il frappe fort et souvent sans prévenir.Debugant
0%
Togedemaru et lui se disputent les mêmes sources d’électricité. Leurs combats se terminent souvent par une égalité.Élekid
0%
Il naît sous terre et doit se frayer un chemin à coups de mâchoire pour rejoindre ses parents à la surface. Il déteste la lumière, qui l’éblouit.Embrylex
0%
Il garde ses ennemis à distance grâce à ses flammes et à des rafales d'air brûlant. Son agilité lui permet d'éviter les attaques, tout en enflammant ses ennemis.Feurisson
0%
La fleur de XXX éclot lorsque la température atteint 18 °C. L’ouverture de la fleur change en fonction de la température. Certaines personnes se servent de ce Pokémon comme d’un thermomètre.Floravol
0%
On ne peut voir l’intérieur de sa carapace que lorsqu’il engloutit sa nourriture, mais il est si rapide que personne n’a encore jamais réussi.Foretress
0%
Il fabrique un nid souterrain très étroit et constitué de galeries labyrinthiques.Fouinar
0%
Lorsqu'il est en danger, sa queue utiliserait un pouvoir mystérieux pour écarter toute menace.Girafarig
0%
Durant la journée, il erre sans but, mais dès la tombée de la nuit, il s'arrête complètement.Héliatronc
0%
Il ne se montre qu’à un Dresseur au cœur pur en dévoilant ses magnifiques ailes colorées.Ho-Oh
0%
Il se déplace en creusant dans le sol et partage les tunnels ainsi créés avec les Taupiqueur. Ces Pokémon s’entendent très bien.Insolourdo
0%
Cet petit teigneux mâchouille tout ce qui lui passe sous le nez. Ne lui tournez jamais le dos !Kaiminus
0%
Les bactéries nichées dans l’antenne de XXX émettent une lumière vive quand elles aspirent ses fluides corporels.Lanturn
0%
Le pelage de ce Pokémon lui fait office de radar à émotions. Il est ainsi capable de capter les humeurs des Pokémon et humains alentour.Leuphorie
0%
Quand il s’aperçoit que son visage est sale, il le lave à l’eau, mais la propreté du reste de son corps ne semble pas le préoccuper.Lippouti
0%
Le cou de XXX est entouré de nombreuses feuilles. Dans chacune d’elles se trouve une pousse d’arbre. Le parfum de cette pousse donne la pêche aux personnes qui le sentent.Macronium
0%
Ce Pokémon est doué pour le travail en équipe. C’est un compagnon fidèle qui écoute les ordres de son Dresseur sans sourciller.Malosse
0%
S’il sent une odeur attrayante, il fonce la tête la première pour trouver d’où elle vient.Marcacrin
0%
Son corps est couvert d'une fourrure imperméable. Grâce à elle, il peut nager à grande vitesse sans être ralenti par la résistance de l'eau.Marill
0%
En analysant les courants aériens, il peut prédire la météo ou même les mouvements de son ennemi.Mentali
0%
À l’extrémité des pattes de XXX, on trouve de petits crochets qui lui permettent de cavaler sur les surfaces verticales et au plafond. Ce Pokémon peut piéger ses ennemis dans sa solide toile de soie.Migalos
0%
Son regard fixe semble dévisager les gens. Il s’enfuit en sautillant à la moindre tentative d’approche.Natu
0%
Sa vue perçante lui permettant de distinguer sa proie même dans l’obscurité la plus profonde, il a reçu le surnom d’« empereur de la nuit ».Noarfang
0%
Quand il s’énerve, ses pores sécrètent une sueur empoisonnée qu’il envoie dans les yeux de ses ennemis.Noctali
0%
Il vole vite et sans bruit grâce à ses quatre ailes, mord sa proie sans se faire remarquer, et disparaît aussi vite, la laissant exsangue.Nostenfer
0%
Il adore se cacher dans des trous. Il n’hésite pas à s’approprier les trous creusés par d’autres Pokémon pour y dormir.Octillery
0%
Il est fort malgré son aspect ramassé. Il n’a aucun mal à porter un humain adulte sur son dos.Phanpy
0%
Il prouve son courage en touchant la queue électrifiée de ses pairs.Pichu
0%
Accroché à sa branche, il attend patiemment ses proies favorites : les Pokémon Insecte. Les Bombydou sont son péché mignon.Pomdepik
0%
Bien qu’il puisse survivre dans l’espace, il peine malheureusement à se mouvoir en apesanteur.Porygon2
0%
Ce Pokémon peint pour marquer son territoire. On reconnaît les villes peuplées de nombreux XXX à leurs murs recouverts de graffitis.Queulorior
0%
Si un ou plusieurs XXX se rencontrent, ils se mesurent les uns aux autres et font des concours d’endurance. Parfois, ils tentent de voir qui peut rester le plus longtemps sans manger. Mieux vaut être prévenu.Qulbutoké
0%
Le nuage de pluie qu’il porte peut relâcher la foudre à volonté. On dit de lui qu’il est venu avec l’orage.Raikou
0%
Ce Pokémon est fier de sa force colossale qui lui permet de soulever cent fois son propre poids avec facilité.Scarhino
0%
Il fait l’objet de revues spécialisées tant il est populaire auprès des personnes âgées. Ses fans aiment surtout la longueur et l’angle de ses bras.Simularbre
0%
Malgré les apparences, c’est un grand timide qui fait souvent l’objet de railleries quand il se trouve au milieu d’un groupe de Pokémon Chiot.Snubbull
0%
XXX vit sous terre, encore plus profondément que XXX. On dit que ce Pokémon creuse vers le centre de la planète. On a déjà vu ce Pokémon descendre à plus d’un kilomètre de profondeur.Steelix
0%
Bien que le chant de ce Pokémon s’apparente à des cris, un musicien s’en est inspiré pour composer une magnifique ballade.Tarpaud
0%
Ce Pokémon est capable de léviter sans battre des ailes. Il est vite démoralisé s’il n’est pas en compagnie de gens sympathiques.Togetic
0%
Les cordes vocales de XXX ne sont pas assez développées. S'il devait chanter trop longtemps, il se ferait mal à la gorge. Ce Pokémon se gargarise souvent avec de l'eau fraîche puisée dans un ruisseau clair.Toudoudou
0%
Il se cache derrière un chatoyant nuage de chaleur qu'il crée en attisant ses flammes intenses. Il peut générer des rafales explosives qui réduisent tout en cendres.Typhlosion
0%
On dit que les XXX trouvent leur nourriture dans les cours d’eau et les grands arbres des forêts où ils habitent. Ce Pokémon erre dans la forêt toute la journée pour chercher de la nourriture.Ursaring
0%
Bien qu’il puisse voir l’avenir, il n’a aucune intention de le changer. Cela expliquerait pourquoi il reste immobile.Xatu
0%
Impatient d’évoluer, il évacue son stress en libérant des gaz sous haute pression qui le font bondir dans tous les sens. Une vraie plaie !Ymphect
0%

Distribution des résultats

Percentile par nombre de réponses

% des personnes avec chaque résultat

Votre développement - résultats

Vous n’avez pas pris ce quiz depuis la dernière actualisation